UM Logo
Normal view MARC view
  • Leaño, Lady Shieldea M.

Entry Personal Name

Number of records used in: 1

001 - CONTROL NUMBER

  • control field: 38492

003 - CONTROL NUMBER IDENTIFIER

  • control field: OSt

005 - DATE AND TIME OF LATEST TRANSACTION

  • control field: 20190424164336.0

008 - FIXED-LENGTH DATA ELEMENTS

  • fixed length control field: 190424|| aca||aabn | a|a d

040 ## - CATALOGING SOURCE

  • Original cataloging agency: OSt
  • Transcribing agency: OSt

100 ## - HEADING--PERSONAL NAME

  • Personal name: Leaño, Lady Shieldea M.

670 ## - SOURCE DATA FOUND

  • Source citation: Work cat.: (OSt): Leaño, Lady Shieldea M., Determinants of saving behavior among college students:, November 2018.